| 000 | 01183pam a2200325 a 4500 | ||
|---|---|---|---|
| 999 |
_c2226 _d2226 |
||
| 001 | 4943895 | ||
| 003 | GZU | ||
| 005 | 20201028103158.0 | ||
| 008 | 960417s1996 caua b 001 0 eng | ||
| 010 | _a 96019522 | ||
| 020 | _a0915035626 (hardcase : alk. paper) | ||
| 020 | _a0915035634 (paper : alk. paper) | ||
| 040 |
_aDLC _cDLC _dDLC |
||
| 043 | _an-us--- | ||
| 050 | 0 | 0 |
_aHV2380 _b.L27 1996 |
| 082 | 0 | 0 |
_a305.9/08162/0973 _220 |
| 100 | 1 | _aLane, Harlan L. | |
| 245 | 1 | 2 |
_aA journey into the deaf-world / _cHarlan Lane, Robert Hoffmeister, Ben Bahan. |
| 260 |
_aSan Diego, Calif. : _bDawnSignPress, _cc1996. |
||
| 300 |
_ax, 512 p. : _bill. ; _c24 cm. |
||
| 504 | _aIncludes bibliographical references (p. 465-490) and index. | ||
| 650 | 0 |
_aDeaf _xSocial conditions. |
|
| 650 | 0 |
_aDeaf _zUnited States _xSocial conditions. |
|
| 650 | 0 |
_aDeaf _xMeans of communication _zUnited States. |
|
| 700 | 1 | _aHoffmeister, Robert. | |
| 700 | 1 | _aBahan, Benjamin J. | |
| 906 |
_a7 _bcbc _corignew _d1 _eocip _f19 _gy-gencatlg |
||
| 942 |
_2lcc _cBK _h2380 _iLAN _kHV _m1996 |
||